Norddeutsche Fußballvereine Wappen - Statistiken

Allgemein
  • Dieses Quiz wurde 140 mal gespielt
  • Das Durchschnittsergebnis liegt bei 14 aus 20
Antwortstatistiken
Bildquiz Antwort % Korrekt
Werder Bremen
100%
Hannover 96
98%
Hamburger SV
97%
VfL Wolfsburg
97%
Holstein Kiel
96%
FC St. Pauli
95%
Eintracht Braunschweig
94%
VfL Osnabrück
92%
VfB Lübeck
85%
SV Meppen
83%
TSV Havelse
77%
VfB Oldenburg
77%
Eintracht Norderstedt
73%
Bremer SV
56%
Kickers Emden
54%
SC Weiche Flensburg
51%
1. FC Phönix Lübeck
31%
SC Victoria Hamburg
23%
Arminia Hannover
21%
OSC Bremerhaven
18%
Keine übereinstimmenden Quizze gefunden
Verteilung der Resultate
Anzahl Personen mit jedem Resultat
Perzentil nach korrekt beantworteten Fragen
Ihre Resultats-Entwicklung
Sie haben dieses Quiz noch nicht gespielt